00781nam a2200253 a 4500001001300000003000900013005001700022008004100039020002300080082001500103100001900118245008100137260003200218300000900250500003500259505002400294650002200318650002200340700001900362902000800381942000700389952011600396999001500512nice12345678IN_TiNIC20260116013034.0050524s1974 newa grp 000 0 eng  a0060621389 c13800a291.6bELI aEliade, Mircea aFrom Medicine Men to Muhammadb Thematic Source Book of the Hist.Of Religion aNew York bHarperone c1974 a217p aincludes index and biblioraphy2 aindex, bibliography aReligious Leaders aSpiritual Leaders1 aEliade, Mircea bSRS cBK 001040708StackRoom-aHMIbHMId2007-07-19g138.00l0o291.6 ELIp014878r2007-07-19v138.00w2005-05-24yBK c9387d9387